000 00974nam a2200277 i 4500
001 bg
100 1 _aCHAPMAN, David W.
245 1 0 _aBezpieczne ściany ogniowe /
_cDavid W. Chapman, Andy Fox ; przekł. z ang. Łukasz Bromirski.
246 _iTyt. oryg.:
_aCisco Secure PIX firewalls
260 _aWarszawa :
_b"Mikom",
_c2002.
300 _a338 s. :
_bil. ;
_c24 cm.
500 _aTyt. oryg.: "Cisco Secure PIX firewalls". - Na okł. podtyt.: oficjalny kurs CSPFA pozwoli zmniejszyć zagrożenie bezpieczeństwa sieci.
504 _aIndeks.
650 9 _aSieć komputerowa
_xochrona
655 _aPodręczniki
700 1 _aFOX, Andy
700 1 _aBROMIRSKI, Łukasz.
_eTł.
020 _a8372792909
040 _cBPK
041 1 _apol
_heng
080 _a004.7:004.056](07)
920 _a83-7279-290-9
942 _cKS
008 s pl f |000 0 pol
999 _c42972
_d42972
856 _uhttp://koha.tu.koszalin.pl/cgi-bin/koha/opac-detail.pl?biblionumber=42972
_yKatalog online BPK